书目信息 |
| 题名: |
偏微分方程
|
|
| 作者: | 陈祖墀 编著 | |
| 分册: | ||
| 出版信息: | 合肥 中国科学技术大学出版社 1993.09 |
|
| 页数: | 365页 | |
| 开本: | 21cm | |
| 丛书名: | 中国科学技术大学21世纪教改系列教材 | |
| 单 册: | ||
| 中图分类: | O175.2 | |
| 科图分类: | ||
| 主题词: | 偏微分方程--高等学校--教材 , 偏微分方程 | |
| 电子资源: | ||
| ISBN: | 7-312-01385-6 | |
| 000 | 00809nam2 2200277 45 | |
| 001 | 012003000000 | |
| 005 | 20041126092842.24 | |
| 010 | @a7-312-01385-6@dCNY 18.00 | |
| 100 | @a20031103d1993 em y0chiy0121 ea | |
| 101 | 0 | @achi |
| 102 | @aCN@b340000 | |
| 105 | @aa z 001yy | |
| 200 | 1 | @a偏微分方程@Apian wei fen fang cheng@f陈祖墀编著 |
| 205 | @a第2版 | |
| 210 | @a合肥@c中国科学技术大学出版社@d1993.09 | |
| 215 | @a365页@c图@d21cm | |
| 225 | 2 | @a中国科学技术大学21世纪教改系列教材 |
| 320 | @a本书末含索引(第361-365页) | |
| 410 | 0 | @12001 @a中国科学技术大学21世纪教改系列教材 |
| 606 | 0 | @a偏微分方程@x高等学校@j教材 |
| 606 | 0 | @a偏微分方程 |
| 690 | @aO175.2@v4 | |
| 701 | 0 | @a陈祖墀@Achen zu chi@4编著 |
| 801 | 0 | @aCN@bQSSKw@c20041126 |
| 905 | @dO175.2@eC660 | |
| 906 | @dCNY18.00@n3@r1 | |
| 偏微分方程/陈祖墀编著.-第2版.-合肥:中国科学技术大学出版社,1993.09 |
| 365页:图;21cm.-(中国科学技术大学21世纪教改系列教材) |
| ISBN 7-312-01385-6:CNY 18.00 |
| ● |
| 相关链接 |
|
|
|
正题名:偏微分方程
索取号:O175.2/C660
 
预约/预借
| 序号 | 登录号 | 条形码 | 馆藏地/架位号 | 状态 | 备注 |
| 1 | 427061 | 204270617 | 自科库401/401自科库 45排3列3层/ [索取号:O175.2/C660] | 在馆 | |
| 2 | 427062 | 204270626 | 数理学院资料室/ [索取号:O175.2/C660] | 在馆 | |
| 3 | 427063 | 204270635 | 自科库401/401自科库 45排3列3层/ [索取号:O175.2/C660] | 在馆 |